00361nam a2200133 45000010005000001000033000051010008000382000084000462100019001302150018001493000014001676060026001818010020002076060 a20190723b u||y0fre||u0ba y50 aeng aUNI NewsbPériodiqueeSome radioactivity may be good for you - in small doses aGenèved1989 a2 p.d30 cm.  aPastiche. aNucléaire (Energie) aCHbCH-002049-8